• 首页
  • 本馆介绍
  • 公告通知
  • 最新文献
  • 馆藏检索
  • 电子资源
  • 读者导购
  • 参考咨询
  • 我的图书馆
  • 登录
  • 详细信息显示
  • 放入我的书架
  • 预约/预借图书
  • 作者相关作品
  • 分类相关作品
  • 丛书相关作品
  • 出版社相关作品

书目信息

  • 表格格式
  • 工作单格式
  • 卡片格式
题名:
阅读与欣赏
    
 
作者: ;中央人民广播电台文艺部 , 北京出版社 编
分册: 一   古典文学部分
出版信息: 北京   北京出版社  1979
页数: 186页
开本: 19cm
丛书名:
单 册:
中图分类: I106.6 , I200.2
科图分类:
主题词: 文学--作品--中国--现代 , 文学评论--中国--现代 , 文学--中国
电子资源:
ISBN:
000 01004nam0 2200313 45
001 0189010146
005 20040330081432.3
010    @dCNY0.43
091    @a10071.251
100    @a19910105d1979 m y0chiy0120 ea
101 0  @achi
102    @aCN@b110000
105    @ay z 000gy
106    @ar
200 10 @a阅读与欣赏@Ayue du yu xin shang@i古典文学部分@Exian dai wen xue bu fen@h一@f中央人民广播电台文艺部,北京出版社编@FZhong Yang Ren Min Guang Bo Dian Tai Wen Yi Bu,Bei Jing Chu Ban She Bian
210    @a北京@c北京出版社@d1979
215    @a186页@d19cm
330    @a本辑所赏析的作品包括诗歌、散文等多种形式。
517    @a古典文学部分@AGu Dian Wen Xue Bu Fen
540 1  @a阅读 欣赏@Ayue du xin shang
606    @a文学@x作品@y中国@z现代
606    @a文学评论@y中国@z现代
606 0  @a文学@x中国
690    @aI106.6@v1980
690    @aI200.2
711 02 @a中央人民广播电台文艺部@4编
711 02 @a北京出版社@4编
801  0 @aCN@bNLC@c19910105
905    @f1@b67343@dI200.2@e2:1
    
    阅读与欣赏.古典文学部分.一/中央人民广播电台文艺部,北京出版社编.-北京:北京出版社,1979
    186页;19cm
    
    
    ISBN :CNY0.43
    本辑所赏析的作品包括诗歌、散文等多种形式。
●
相关链接 在E读中查询图书 在五车中查询图书 在当当中查询图书 在豆瓣中查询图书


正题名:阅读与欣赏     索取号:I200.2/2:1         预约/预借

序号 登录号 条形码 馆藏地/架位号 状态 备注
1 0067343   001925055   密集书库/ [索取号:I200.2/2:1] 在馆    
唐山师范学院图书馆 欢迎您!
大连网信软件有限公司© 版权所有